[Event "4NCL Division Four"]
[Site "Warwick, ENG"]
[Date "2024.02.10"]
[Round "5.43"]
[White "Taylor, Robert P"]
[Black "Kennaugh, Charles W"]
[Result "0-1"]
[WhiteElo "1732"]
[BlackElo "2221"]
[PlyCount "74"]
[EventDate "2024.02.10"]
[WhiteTeam "Ashfield 3"]
[BlackTeam "North West Eagles"]

1. e4 e5 2. Nf3 Nc6 3. Bb5 Nge7 4. O-O g6 5. c3 Bg7 6. Re1 a6 7. Ba4 O-O 8. d4
exd4 9. cxd4 d6 10. Be3 b5 11. Bc2 Nb4 12. Bb3 d5 13. a3 dxe4 14. axb4 exf3 15.
Qxf3 Bf5 16. Nc3 Qd7 17. h3 c6 18. Rad1 Be6 19. d5 cxd5 20. Nxd5 Nxd5 21. Bxd5
Bxd5 22. Rxd5 Qe6 23. Red1 Bxb2 24. Bc5 Rfe8 25. Rd7 Be5 26. g3 Rac8 27. Ra7
Bb8 28. Rb7 Bc7 29. Ra7 Bb8 30. Rb7 Red8 31. Ra1 Bc7 32. Ra7 a5 33. bxa5 Be5
34. Rc1 Bd4 35. Re7 Rxc5 36. Rxe6 Rxc1+ 37. Kg2 fxe6 0-1

[Event "4NCL Division Four"]
[Site "Warwick, ENG"]
[Date "2024.02.10"]
[Round "5.44"]
[White "Zeidler, Sven P"]
[Black "Taylor, Marcel V"]
[Result "1-0"]
[WhiteElo "2202"]
[BlackElo "1679"]
[PlyCount "51"]
[EventDate "2024.02.10"]
[WhiteTeam "North West Eagles"]
[BlackTeam "Ashfield 3"]

1. e4 e6 2. d4 d5 3. exd5 exd5 4. Nf3 Bd6 5. c4 c6 6. Nc3 Ne7 7. Bd3 Nd7 8. O-O
dxc4 9. Bxc4 Nb6 10. Bb3 O-O 11. Ne5 Bf5 12. Bg5 Qc7 13. Qf3 Bg6 14. h4 h6 15.
Bxe7 Bxe5 16. Bxf8 Rxf8 17. dxe5 Qxe5 18. Rfe1 Qc7 19. h5 Bh7 20. Rad1 Nc8 21.
Qg3 Qxg3 22. fxg3 Bf5 23. Rd4 Nb6 24. Re7 Bc8 25. Rxf7 Rxf7 26. Rd8+ 1-0

[Event "4NCL Division Four"]
[Site "Warwick, ENG"]
[Date "2024.02.10"]
[Round "5.45"]
[White "Thomson, James L"]
[Black "Manawadu, Dilhan"]
[Result "0-1"]
[WhiteElo "1681"]
[BlackElo "1914"]
[PlyCount "134"]
[EventDate "2024.02.10"]
[WhiteTeam "Ashfield 3"]
[BlackTeam "North West Eagles"]

1. d4 d6 2. c4 e5 3. dxe5 dxe5 4. Qxd8+ Kxd8 5. Nf3 f6 6. Nc3 Be6 7. e3 Nh6 8.
Be2 c6 9. b3 Na6 10. O-O Be7 11. Bb2 Ke8 12. a3 Kf7 13. b4 Rhd8 14. Rfd1 Nf5
15. Rxd8 Rxd8 16. c5 Nc7 17. Rd1 Rxd1+ 18. Bxd1 b6 19. cxb6 axb6 20. Be2 Bb3
21. Bd3 g6 22. Kf1 Nd6 23. Nd2 Be6 24. Na4 Nc8 25. Nc3 c5 26. bxc5 Bxc5 27. Bc4
Bxc4+ 28. Nxc4 b5 29. Nd2 Nb6 30. Ke2 Ke6 31. Kd3 h5 32. Nce4 Be7 33. Nc3 g5
34. h3 f5 35. f3 Bd6 36. g4 e4+ 37. fxe4 fxg4 38. hxg4 hxg4 39. Ke2 Bc5 40. Kf2
g3+ 41. Kxg3 Bxe3 42. Ncb1 Ne8 43. Kg4 Nd6 44. Kf3 Bf4 45. Bd4 Nbc4 46. Nxc4
Nxc4 47. Bc5 Ke5 48. Ba7 Bc1 49. Bc5 Ke6 50. Bb4 Ne5+ 51. Ke2 Kd7 52. Bd2 Bxd2
53. Kxd2 Nc4+ 54. Ke2 Kd6 55. Kf3 Ne5+ 56. Ke3 Kc5 57. Nd2 Nc4+ 58. Nxc4 Kxc4
59. Kf3 Kd4 60. Kg4 Kxe4 61. Kxg5 Kd4 62. Kf4 Kc4 63. Ke3 Kb3 64. Kd2 Kxa3 65.
Kc2 b4 66. Kb1 Kb3 67. Ka1 Kc2 0-1

[Event "4NCL Division Four"]
[Site "Warwick, ENG"]
[Date "2024.02.10"]
[Round "5.46"]
[White "Banerjee, Sanjoy K"]
[Black "Willoughby, Robert H"]
[Result "1-0"]
[WhiteElo "1716"]
[BlackElo "1620"]
[PlyCount "69"]
[EventDate "2024.02.10"]
[WhiteTeam "North West Eagles"]
[BlackTeam "Ashfield 3"]

1. d4 Nf6 2. c4 e5 3. g3 exd4 4. Bg2 Bc5 5. Nf3 Nc6 6. O-O O-O 7. Nbd2 a5 8.
Nb3 Ba7 9. Nbxd4 Nxd4 10. Nxd4 c6 11. e4 d6 12. Bf4 Re8 13. Qd3 Bg4 14. h3 Bh5
15. Nf5 d5 16. e5 Ne4 17. Bxe4 dxe4 18. Qxd8 Raxd8 19. Nd6 Re7 20. Bg5 f6 21.
exf6 Rf7 22. Nxf7 Kxf7 23. fxg7 Re8 24. g4 Bg6 25. Rad1 Kxg7 26. Rd7+ Kg8 27.
Rxb7 Bd4 28. b3 Rf8 29. Rd1 Bxf2+ 30. Kg2 e3 31. Re7 Re8 32. Rxe8+ Bxe8 33.
Bxe3 Bh4 34. Bb6 a4 35. Bd8 1-0

[Event "4NCL Division Four"]
[Site "Warwick, ENG"]
[Date "2024.02.10"]
[Round "5.51"]
[White "Gregory, Keith D F"]
[Black "Flynn, David"]
[Result "1-0"]
[WhiteElo "2009"]
[BlackElo "1912"]
[PlyCount "77"]
[EventDate "2024.02.10"]
[WhiteTeam "Wessex B"]
[BlackTeam "Ashfield 2"]

1. Nf3 c5 2. c4 g6 3. g3 Bg7 4. Bg2 Nc6 5. O-O e5 6. Nc3 d6 7. d3 Nge7 8. Rb1
O-O 9. a3 a5 10. Ne1 Be6 11. Nc2 d5 12. cxd5 Nxd5 13. Ne3 Nde7 14. Nc4 f5 15.
Qa4 Nd5 16. Nxd5 Bxd5 17. Bg5 Qxg5 18. Bxd5+ Kh8 19. Bxc6 bxc6 20. Qxc6 Rac8
21. Qd5 Rfd8 22. Nd6 Rxd6 23. Qxd6 Rd8 24. Qxc5 h5 25. b4 h4 26. Qe3 f4 27. Qf3
fxg3 28. fxg3 hxg3 29. Qxg3 Qh5 30. Qf3 Qh4 31. b5 e4 32. Qxe4 Qh5 33. Qf3 Qh6
34. b6 Be5 35. Qg2 Rd4 36. Qa8+ Kh7 37. Rf7+ Bg7 38. Qf3 Rh4 39. b7 1-0

[Event "4NCL Division Four"]
[Site "Warwick, ENG"]
[Date "2024.02.10"]
[Round "5.52"]
[White "Combie, Alex B"]
[Black "Spanton, Tim R"]
[Result "0-1"]
[WhiteElo "1787"]
[BlackElo "1908"]
[PlyCount "98"]
[EventDate "2024.02.10"]
[WhiteTeam "Ashfield 2"]
[BlackTeam "Wessex B"]

1. d4 d5 2. c4 e5 3. dxe5 d4 4. Nf3 Nc6 5. g3 Nge7 6. Bg2 Ng6 7. Bg5 Qd7 8. e6
fxe6 9. O-O e5 10. e3 h6 11. Bh4 dxe3 12. Qxd7+ Bxd7 13. fxe3 Bc5 14. Re1 O-O
15. Nfd2 Nxh4 16. gxh4 Be7 17. h5 Bg4 18. Nc3 Bxh5 19. Bxc6 bxc6 20. Rf1 Bc5
21. Rxf8+ Rxf8 22. Re1 Rd8 23. Nde4 Bb4 24. Rf1 Rd3 25. Rf5 Bf7 26. Nf2 Rxe3
27. Ng4 Rh3 28. Nxe5 Be6 29. Rf1 Bxc3 30. bxc3 Rxc3 31. Nxc6 Bxc4 32. Ne7+ Kh7
33. Rf8 Bxa2 34. h4 a5 35. h5 Rc5 36. Ng6 Rxh5 37. Nf4 Rg5+ 38. Kh2 a4 39. Ra8
Bb3 40. Nd3 c5 41. Kh3 c4 42. Nb2 c3 43. Nd3 c2 44. Nc1 Rg1 45. Nxb3 axb3 46.
Rb8 c1=Q 47. Rxb3 Qf1+ 48. Kh4 g5+ 49. Kh5 Qf7# 0-1

[Event "4NCL Division Four"]
[Site "Warwick, ENG"]
[Date "2024.02.10"]
[Round "5.53"]
[White "Chilton, James I"]
[Black "Bromilow, Edward T"]
[Result "0-1"]
[WhiteElo "1847"]
[BlackElo "1780"]
[PlyCount "112"]
[EventDate "2024.02.10"]
[WhiteTeam "Wessex B"]
[BlackTeam "Ashfield 2"]

1. d4 d5 2. c4 e6 3. Nc3 Nf6 4. Nf3 a6 5. cxd5 exd5 6. Bg5 Be7 7. e3 h6 8. Bh4
c6 9. Bd3 O-O 10. Qc2 Re8 11. O-O Ne4 12. Bxe7 Qxe7 13. Nd2 Bf5 14. Rfe1 Nd7
15. f3 Nxc3 16. Bxf5 Nb5 17. Bh7+ Kh8 18. Bd3 Qg5 19. a4 Nd6 20. e4 dxe4 21.
fxe4 Rad8 22. e5 Nc8 23. Ne4 Qe7 24. Qf2 Nxe5 25. Bc2 Ng4 26. Qg3 Nf6 27. Qd3
g6 28. Qf3 Kg7 29. Rad1 Nd6 30. Nc5 Qxe1+ 31. Rxe1 Rxe1+ 32. Kf2 Rde8 33. Bd3
Nd5 34. Qg3 Nf5 35. Qg4 h5 36. Qg5 Nxd4 37. Nd7 R1e7 38. Qh4 Rxd7 39. Qxd4+ Nf6
40. Qc3 Red8 41. Bc2 Rd2+ 42. Kf3 R8d6 43. h3 Kg8 44. Qb3 b5 45. Bxg6 Nd5 46.
Bxh5 Rf6+ 47. Ke4 Rxg2 48. Bg4 Rff2 49. axb5 axb5 50. Qa3 f5+ 51. Bxf5 Rf4+ 52.
Ke5 Re2+ 53. Kd6 Rxf5 54. Kxc6 Re6+ 55. Kxb5 Nb6+ 56. Kb4 Re4+ 0-1

[Event "4NCL Division Four"]
[Site "Warwick, ENG"]
[Date "2024.02.10"]
[Round "5.54"]
[White "Radford, Mark Sr"]
[Black "Stuart, Graham"]
[Result "1-0"]
[WhiteElo "1771"]
[BlackElo "1761"]
[PlyCount "67"]
[EventDate "2024.02.10"]
[WhiteTeam "Ashfield 2"]
[BlackTeam "Wessex B"]

1. d4 Nf6 2. Nf3 g6 3. c4 Bg7 4. Nc3 O-O 5. e4 d6 6. Be2 e5 7. Be3 Nc6 8. d5
Ne7 9. Nd2 Ne8 10. f3 f5 11. O-O Nf6 12. Rc1 f4 13. Bf2 g5 14. c5 Bd7 15. Nb5
Bxb5 16. Bxb5 a6 17. Be2 h5 18. Nc4 dxc5 19. Bxc5 Ne8 20. Qb3 Nd6 21. Nxd6 cxd6
22. Bb6 Qe8 23. Rc7 Nc8 24. Rfc1 Nxb6 25. Qxb6 Qg6 26. Rd7 Rf6 27. Qxb7 Raf8
28. Rcc7 Bh6 29. h3 g4 30. fxg4 Qxe4 31. Rh7 Qg6 32. Bd3 Qg5 33. Rc8 f3 34.
Rh8+ 1-0

[Event "4NCL Division Four"]
[Site "Warwick, ENG"]
[Date "2024.02.10"]
[Round "5.55"]
[White "Syed, Ashraf"]
[Black "Hatton, David"]
[Result "0-1"]
[WhiteElo "1640"]
[BlackElo "1782"]
[PlyCount "76"]
[EventDate "2024.02.10"]
[WhiteTeam "Wessex B"]
[BlackTeam "Ashfield 2"]

1. d4 d5 2. Bf4 Nf6 3. e3 c5 4. c3 Nc6 5. Nd2 Bf5 6. Ngf3 h6 7. h3 Qb6 8. Qc1
e6 9. Be2 Be7 10. Ne5 Nxe5 11. Bxe5 O-O 12. O-O Nd7 13. Bh2 cxd4 14. exd4 Bg5
15. f4 Be7 16. Kh1 Nf6 17. Nf3 Ne4 18. Nd2 Rfc8 19. Nxe4 Bxe4 20. Qd2 Qc6 21.
Bd3 f5 22. Be2 b5 23. Rac1 a5 24. a3 Qb7 25. Bf3 b4 26. a4 bxc3 27. bxc3 Ba3
28. Rce1 Bb2 29. Re3 Ba3 30. Qa2 Qb2 31. Rf2 Qc1+ 32. Bg1 Qxe3 33. Qxa3 Qxc3
34. Qxc3 Rxc3 35. Be2 Rxh3+ 36. Bh2 Ra3 37. Bb5 Rc8 38. Bd7 Rc1+ 0-1

[Event "4NCL Division Four"]
[Site "Warwick, ENG"]
[Date "2024.02.10"]
[Round "5.56"]
[White "Graham, Neil"]
[Black "Wright, George A"]
[Result "1/2-1/2"]
[WhiteElo "1739"]
[BlackElo "1352"]
[PlyCount "69"]
[EventDate "2024.02.10"]
[WhiteTeam "Ashfield 2"]
[BlackTeam "Wessex B"]

1. d4 Nf6 2. f3 d5 3. e4 dxe4 4. Nc3 exf3 5. Nxf3 g6 6. Bc4 Bg7 7. O-O O-O 8.
Qe1 Nbd7 9. Qh4 Nb6 10. Bb3 a5 11. a4 Bg4 12. Be3 Bxf3 13. Rxf3 Qd7 14. Raf1
Qg4 15. Qxg4 Nxg4 16. Rxf7 Rxf7 17. Bxf7+ Kh8 18. Nd1 Nxe3 19. Nxe3 Bxd4 20.
Re1 Bxb2 21. Bb3 Bd4 22. Kf1 Rf8+ 23. Ke2 e5 24. c3 Bxe3 25. Kxe3 Re8 26. Rf1
Re7 27. Rf8+ Kg7 28. Rb8 c6 29. Rg8+ Kh6 30. Rf8 Nd5+ 31. Bxd5 cxd5 32. Ra8 b6
33. Rd8 d4+ 34. cxd4 exd4+ 35. Kxd4 1/2-1/2

[Event "4NCL Division Four"]
[Site "Warwick, ENG"]
[Date "2024.02.10"]
[Round "5.61"]
[White "Pink, Joshua"]
[Black "Martin, Lewis"]
[Result "1-0"]
[WhiteElo "1823"]
[BlackElo "2256"]
[PlyCount "55"]
[EventDate "2024.02.10"]
[WhiteTeam "Coventry"]
[BlackTeam "English Deaf Chess Association"]

1. e4 c6 2. d4 d5 3. e5 Bf5 4. Nc3 e6 5. g4 Bg6 6. Nge2 h5 7. Nf4 Bh7 8. Nxh5
c5 9. dxc5 Bxc5 10. Qf3 g6 11. Ng7+ Kd7 12. Nxd5 Kc8 13. Nc3 Qf8 14. Ne4 Bb4+
15. c3 Be7 16. Bg5 Qxg7 17. Bxe7 Nxe7 18. Nd6+ Kd8 19. Nxf7+ Ke8 20. Nd6+ Kd8
21. O-O-O Nd7 22. Qxb7 Rb8 23. Qxb8+ Nxb8 24. Nf5+ Ke8 25. Nxg7+ Kf7 26. Nxe6
Kxe6 27. Bc4+ Kxe5 28. Rhe1+ 1-0

[Event "4NCL Division Four"]
[Site "Warwick, ENG"]
[Date "2024.02.10"]
[Round "5.62"]
[White "MacLeod, Alasdair"]
[Black "Ireland, David J"]
[Result "1/2-1/2"]
[WhiteElo "1847"]
[BlackElo "1851"]
[PlyCount "49"]
[EventDate "2024.02.10"]
[WhiteTeam "English Deaf Chess Association"]
[BlackTeam "Coventry"]

1. e4 c5 2. Nf3 d6 3. d4 cxd4 4. Nxd4 Nf6 5. Nc3 g6 6. Be3 Bg7 7. f3 Nc6 8. Qd2
O-O 9. Bc4 Bd7 10. O-O-O Rb8 11. Kb1 b5 12. Nxc6 Bxc6 13. Be2 b4 14. Nd5 Bxd5
15. exd5 a5 16. h4 a4 17. h5 a3 18. b3 Qc7 19. hxg6 fxg6 20. Bc4 Nd7 21. Bd4
Bxd4 22. Qxd4 Rf7 23. Bd3 Ne5 24. Be4 Qb6 25. Qxb6 1/2-1/2

[Event "4NCL Division Four"]
[Site "Warwick, ENG"]
[Date "2024.02.10"]
[Round "5.63"]
[White "Goodwin, Ed H"]
[Black "Dwek, Ilan G"]
[Result "1/2-1/2"]
[WhiteElo "1813"]
[BlackElo "1706"]
[PlyCount "89"]
[EventDate "2024.02.10"]
[WhiteTeam "Coventry"]
[BlackTeam "English Deaf Chess Association"]

1. e4 c6 2. d4 d5 3. exd5 cxd5 4. c4 Nf6 5. Nc3 e6 6. Nf3 dxc4 7. Bxc4 Qc7 8.
Bb3 Bb4 9. Bd2 a6 10. Rc1 Qd8 11. O-O O-O 12. Bg5 Be7 13. Qd3 Nc6 14. Rfd1 Nb4
15. Qe2 h6 16. Bh4 Re8 17. Ne5 Nfd5 18. Bxe7 Rxe7 19. a3 Nxc3 20. bxc3 Nc6 21.
Nxc6 bxc6 22. Qe4 Qd6 23. a4 Bb7 24. Bc2 g6 25. Qh4 Kg7 26. Rd3 Ree8 27. Rh3
Rh8 28. Rb1 Rab8 29. Rf3 g5 30. Qh5 Qe7 31. Re3 Ba8 32. Qd1 Rxb1 33. Qxb1 Qb7
34. Re1 Rb8 35. Qxb7 Rxb7 36. Rb1 Rxb1+ 37. Bxb1 Kf6 38. f3 e5 39. Kf2 exd4 40.
cxd4 a5 41. Ke3 Bb7 42. Ba2 Ke7 43. Kd3 f5 44. Bb1 Kd6 45. Kc3 1/2-1/2

[Event "4NCL Division Four"]
[Site "Warwick, ENG"]
[Date "2024.02.10"]
[Round "5.64"]
[White "David, Barry A H"]
[Black "Towers, Nigel S"]
[Result "1/2-1/2"]
[WhiteElo "1683"]
[BlackElo "1730"]
[PlyCount "80"]
[EventDate "2024.02.10"]
[WhiteTeam "English Deaf Chess Association"]
[BlackTeam "Coventry"]

1. e4 c6 2. d4 d5 3. e5 c5 4. c3 Nc6 5. Be3 cxd4 6. cxd4 Bf5 7. Nc3 e6 8. Bd3
Bxd3 9. Qxd3 Nge7 10. Nf3 Nf5 11. O-O Be7 12. a3 O-O 13. b4 Rc8 14. Ne2 Qd7 15.
Bd2 a6 16. g4 Nh6 17. Bxh6 gxh6 18. Qe3 Kh8 19. Qxh6 Rg8 20. h3 Rg6 21. Qh5
Rcg8 22. Nf4 R6g7 23. Kh1 Qd8 24. Rg1 Bg5 25. Ne2 Rg6 26. Nxg5 Qxg5 27. Qxg5
Rxg5 28. f4 R5g7 29. g5 h6 30. gxh6 Rxg1+ 31. Rxg1 Rxg1+ 32. Kxg1 Kh7 33. Kg2
Kxh6 34. h4 Kh5 35. Kh3 Ne7 36. Ng3+ Kh6 37. Kg4 Nc6 38. Ne2 Ne7 39. Ng3 Nc6
40. Ne2 Ne7 1/2-1/2

[Event "4NCL Division Four"]
[Site "Warwick, ENG"]
[Date "2024.02.10"]
[Round "5.65"]
[White "Edwards, Rhys"]
[Black "Gibson, Stephen"]
[Result "1/2-1/2"]
[WhiteElo "1658"]
[BlackElo "1508"]
[PlyCount "30"]
[EventDate "2024.02.10"]
[WhiteTeam "Coventry"]
[BlackTeam "English Deaf Chess Association"]

1. d4 b5 2. a4 b4 3. c4 e6 4. Bf4 a5 5. Nf3 c5 6. e3 Bb7 7. Bd3 Nf6 8. Nbd2 d6
9. dxc5 dxc5 10. Qc2 h6 11. Rd1 Bd6 12. Bxd6 Qxd6 13. Be4 Qc7 14. Bxb7 Qxb7 15.
O-O Nbd7 1/2-1/2

[Event "4NCL Division Four"]
[Site "Warwick, ENG"]
[Date "2024.02.10"]
[Round "5.66"]
[White "Lane, Clifford"]
[Black "Woolgar, Steven G"]
[Result "1/2-1/2"]
[WhiteElo "1493"]
[BlackElo "1613"]
[PlyCount "40"]
[EventDate "2024.02.10"]
[WhiteTeam "English Deaf Chess Association"]
[BlackTeam "Coventry"]

1. e4 c5 2. Nf3 d6 3. Bb5+ Bd7 4. a4 Nf6 5. Nc3 e6 6. e5 dxe5 7. Nxe5 a6 8.
Bxd7+ Nbxd7 9. Nxd7 Qxd7 10. O-O Bd6 11. d3 h6 12. Re1 O-O 13. Ne4 Nxe4 14.
dxe4 Rad8 15. Qg4 f5 16. exf5 exf5 17. Qc4+ Qf7 18. Qxf7+ Rxf7 19. Be3 Rfd7 20.
f4 a5 1/2-1/2

[Event "4NCL Division Four"]
[Site "Warwick, ENG"]
[Date "2024.02.10"]
[Round "5.71"]
[White "Tart, Peter K"]
[Black "Hutchinson, Joel"]
[Result "1-0"]
[WhiteElo "1940"]
[BlackElo "1904"]
[PlyCount "66"]
[EventDate "2024.02.10"]
[WhiteTeam "Crowthorne B"]
[BlackTeam "Apprentice Woodpushers"]

1. e4 e6 2. Qe2 Be7 3. Nc3 d5 4. d3 Nf6 5. g3 O-O 6. Bg2 Nc6 7. Nf3 dxe4 8.
dxe4 e5 9. O-O Bg4 10. Be3 Nd4 11. Bxd4 exd4 12. Rad1 c5 13. e5 Nd7 14. Qe4 Bh5
15. Nd5 Re8 16. Nf4 Bxf3 17. Bxf3 Bd6 18. e6 fxe6 19. Nxe6 Qf6 20. Qxb7 Nb6 21.
Rfe1 Rab8 22. Qe4 Re7 23. Bg4 Rbe8 24. a4 h5 25. Bh3 Kf7 26. a5 Na8 27. Qd5 Kg6
28. Qxd6 Nc7 29. Nf4+ Kh7 30. Ne6 Nxe6 31. Rxe6 Rxe6 32. Bxe6 Rxe6 33. Qxc5 Re2
1-0

[Event "4NCL Division Four"]
[Site "Warwick, ENG"]
[Date "2024.02.10"]
[Round "5.72"]
[White "Potter, Steven"]
[Black "Chapman, Timothy J"]
[Result "1-0"]
[WhiteElo "1879"]
[BlackElo "1742"]
[PlyCount "101"]
[EventDate "2024.02.10"]
[WhiteTeam "Apprentice Woodpushers"]
[BlackTeam "Crowthorne B"]

1. d4 e6 2. e4 d5 3. exd5 exd5 4. Nf3 Nf6 5. Bg5 Be7 6. Bd3 Bg4 7. h3 Bh5 8.
Bxf6 Bxf6 9. Qe2+ Qe7 10. Qxe7+ Bxe7 11. g4 Bg6 12. Ne5 Bxd3 13. Nxd3 Nd7 14.
Nc3 c6 15. O-O-O O-O-O 16. f4 f6 17. Rde1 Rhe8 18. Re2 Bd6 19. Rhe1 Rxe2 20.
Rxe2 Nb6 21. g5 Kd7 22. Nc5+ Bxc5 23. dxc5 Na8 24. gxf6 gxf6 25. f5 Re8 26. Rg2
Nc7 27. b4 Re7 28. h4 Ne8 29. Ne2 Rg7 30. Rh2 Rg4 31. c3 Ng7 32. Nd4 Rf4 33.
Rg2 Nxf5 34. Nxf5 Rxf5 35. Rg7+ Ke6 36. Rxb7 Rh5 37. Rc7 Rxh4 38. Rxc6+ Kf5 39.
b5 Ke4 40. b6 axb6 41. cxb6 Kd3 42. b7 Rh1+ 43. Kb2 Rh2+ 44. Ka3 d4 45. b8=Q
Re2 46. Qb1+ Kd2 47. Kb3 d3 48. Qf1 Re1 49. Qg2+ Ke3 50. Re6+ Kf4 51. Qd2+ 1-0

[Event "4NCL Division Four"]
[Site "Warwick, ENG"]
[Date "2024.02.10"]
[Round "5.73"]
[White "Shek, Daniel"]
[Black "Livesey, R Nigel"]
[Result "1-0"]
[WhiteElo "1667"]
[BlackElo "1760"]
[PlyCount "109"]
[EventDate "2024.02.10"]
[WhiteTeam "Crowthorne B"]
[BlackTeam "Apprentice Woodpushers"]

1. c4 Nf6 2. Nc3 g6 3. e4 d6 4. d4 Bg7 5. f3 O-O 6. Be3 c6 7. Qd2 e5 8. dxe5
dxe5 9. O-O-O Qxd2+ 10. Rxd2 Be6 11. g3 Na6 12. Be2 b6 13. Rd6 Rfd8 14. Rxd8+
Rxd8 15. a3 h6 16. Kc2 Nc7 17. b3 Bf8 18. Kb2 Kg7 19. f4 Bd6 20. h3 Nd7 21. Nf3
exf4 22. gxf4 Be7 23. Nd4 Nb8 24. f5 Bd7 25. Rg1 Kh7 26. fxg6+ fxg6 27. e5 Ne6
28. Bd3 Nf8 29. Rf1 Kg7 30. Be4 Ne6 31. Nxe6+ Bxe6 32. Rg1 g5 33. h4 g4 34. Ne2
h5 35. Nd4 Bc8 36. Ne2 Bc5 37. Bxc5 Rd2+ 38. Kc3 Rxe2 39. Bd3 Rh2 40. Bd6 Na6
41. Rf1 Rh3 42. Bf8+ Kg8 43. Bd6 Rf3 44. Rxf3 gxf3 45. Kd2 Nc5 46. Bxc5 bxc5
47. Bg6 Bg4 48. Ke3 Kf8 49. Be4 Be6 50. Bxf3 Kg7 51. Bxh5 a5 52. Be2 Kh6 53.
Kf4 Bd7 54. Bg4 Be8 55. e6 1-0

[Event "4NCL Division Four"]
[Site "Warwick, ENG"]
[Date "2024.02.10"]
[Round "5.74"]
[White "Bokade Chinmay"]
[Black "Leadbetter, Scott"]
[Result "1-0"]
[WhiteElo "1411"]
[BlackElo "1623"]
[PlyCount "69"]
[EventDate "2024.02.10"]
[WhiteTeam "Apprentice Woodpushers"]
[BlackTeam "Crowthorne B"]

1. Nf3 Nf6 2. d4 c5 3. e3 g6 4. c4 Bg7 5. Nc3 cxd4 6. exd4 d6 7. Be2 O-O 8. O-O
b6 9. Bg5 h6 10. Be3 Nbd7 11. Qd2 Kh7 12. Rad1 Bb7 13. d5 Nc5 14. Qc2 Bc8 15.
Nd4 Bd7 16. b4 Nb7 17. f4 Ng4 18. Bc1 Bxd4+ 19. Rxd4 Qc8 20. f5 Ne5 21. Rh4
Bxf5 22. Qd2 h5 23. Qh6+ Kg8 24. Bxh5 f6 25. Bg4 Kf7 26. Bxf5 gxf5 27. Qh5+ Ng6
28. Qh7+ Ke8 29. Qxg6+ Kd8 30. Re1 Re8 31. Qf7 Qd7 32. Nb5 a6 33. Nd4 Kc7 34.
Rh7 Nd8 35. Qxe8 1-0

[Event "4NCL Division Four"]
[Site "Warwick, ENG"]
[Date "2024.02.10"]
[Round "5.75"]
[White "McKean, Matthew"]
[Black "Altoft, Harry"]
[Result "1/2-1/2"]
[WhiteElo "1501"]
[BlackElo "1461"]
[PlyCount "56"]
[EventDate "2024.02.10"]
[WhiteTeam "Crowthorne B"]
[BlackTeam "Apprentice Woodpushers"]

1. e4 c5 2. Nf3 e6 3. d4 cxd4 4. Nxd4 Nc6 5. Nc3 Qc7 6. Bc4 a6 7. O-O Nf6 8.
Re1 Bb4 9. Nxc6 bxc6 10. Bd2 d5 11. exd5 cxd5 12. Bxd5 Rb8 13. Bb3 O-O 14. Ne4
Be7 15. Bg5 Nxe4 16. Bxe7 Qxe7 17. Rxe4 Bb7 18. Rd4 Rfc8 19. Qd2 Rc5 20. Rd1
Rcc8 21. Rd7 Qf6 22. Bc4 Ra8 23. Rxb7 Rxc4 24. Rd7 g6 25. Rd8+ Rxd8 26. Qxd8+
Kg7 27. Qxf6+ Kxf6 28. Kf1 Rxc2 1/2-1/2

[Event "4NCL Division Four"]
[Site "Warwick, ENG"]
[Date "2024.02.10"]
[Round "5.76"]
[White "Popova, Svetlana"]
[Black "Rao, Shree"]
[Result "0-1"]
[WhiteElo "1081"]
[BlackElo "1442"]
[PlyCount "62"]
[EventDate "2024.02.10"]
[WhiteTeam "Apprentice Woodpushers"]
[BlackTeam "Crowthorne B"]

1. c4 Nf6 2. Nc3 g6 3. g3 Bg7 4. Bg2 O-O 5. d4 d6 6. Bg5 Nbd7 7. e3 h6 8. Bxf6
Nxf6 9. Nge2 c6 10. O-O Re8 11. Ne4 Nxe4 12. Bxe4 d5 13. cxd5 cxd5 14. Bd3 Bh3
15. Re1 g5 16. Bb5 Rf8 17. Nc3 f5 18. Qc2 e6 19. b4 Qf6 20. Qd3 f4 21. Qe2 f3
22. Qc2 h5 23. Bd3 h4 24. Bh7+ Kh8 25. Qg6 Qxg6 26. Bxg6 Rf6 27. Bh5 hxg3 28.
hxg3 g4 29. Nb5 Rh6 30. Bf7 Bg2 31. Nd6 Rh1# 0-1

[Event "4NCL Division Four"]
[Site "Warwick, ENG"]
[Date "2024.02.10"]
[Round "5.81"]
[White "Vachtfeidl, Petr"]
[Black "Jayawarna, Thisumi"]
[Result "0-1"]
[WhiteElo "1920"]
[BlackElo "1591"]
[PlyCount "68"]
[EventDate "2024.02.10"]
[WhiteTeam "CSC/Kingston 3"]
[BlackTeam "She Plays To Win Young Stars A"]

1. e4 c5 2. Nf3 e6 3. Nc3 Nc6 4. d4 cxd4 5. Nxd4 Qc7 6. Be3 a6 7. Qd2 Nf6 8. f3 Be7 9. O-O-O b5 10. g4 h6 11. Kb1 Bb7 12. h4 Rc8 13. Nb3 Ne5 14. Be2 d6 15. g5 Nfd7 16. gxh6 gxh6 17. Bd4 b4 18. Na4 Bc6 19. f4 Bxe4 20. fxe5 dxe5 21. Be3 Bxh1 22. Rxh1 Qc6 23. Rd1 Qxa4 24. Bxh6 Bxh4 25. Bf3 Bf6 26. Be4 Qb5 27. Be3 Rd8 28. Qf2 Ke7 29. Qf3 Rc8 30. Rf1 Rh4 31. Bb7 e4 32. Bxe4 Rxe4 33. Nd4 Qc4 34. b3 Qd5 0-1

[Event "4NCL Division Four"]
[Site "Warwick, ENG"]
[Date "2024.02.10"]
[Round "5.82"]
[White "Jayawarna, Tarini"]
[Black "Eckert, Jonathan"]
[Result "0-1"]
[WhiteElo "1545"]
[BlackElo "1758"]
[PlyCount "52"]
[EventDate "2024.02.10"]
[WhiteTeam "She Plays To Win Young Stars A"]
[BlackTeam "CSC/Kingston 3"]

1. e4 e6 2. d4 d5 3. Nd2 Nf6 4. e5 Nfd7 5. Bd3 c5 6. c3 Nc6 7. Ne2 cxd4 8. cxd4 f6 9. exf6 Nxf6 10. Nf3 Bd6 11. O-O Qc7 12. Re1 O-O 13. Bd2 e5 14. dxe5 Nxe5 15. Nxe5 Bxe5 16. Rc1 Qd6 17. Qb3 Bxh2+ 18. Kh1 Ng4 19. f4 Qh6 20. Bxh7+ Kh8 21. Qf3 Bxf4+ 22. Kg1 Be3+ 23. Bxe3 Qh2+ 24. Kf1 Nxe3+ 25. Kf2 Ng4+ 26. Kf1 Rxf3+ 0-1

[Event "4NCL Division Four"]
[Site "Warwick, ENG"]
[Date "2024.02.10"]
[Round "5.83"]
[White "Cooke, Charlie"]
[Black "Veselow, Zoe"]
[Result "1/2-1/2"]
[WhiteElo "1737"]
[BlackElo "1449"]
[PlyCount "37"]
[EventDate "2024.02.10"]
[WhiteTeam "CSC/Kingston 3"]
[BlackTeam "She Plays To Win Young Stars A"]

1. d4 Nf6 2. c4 e6 3. Nc3 d5 4. e3 Be7 5. Nf3 O-O 6. Bd3 b6 7. cxd5 exd5 8. O-O Bb7 9. b3 Nbd7 10. Bb2 Rc8 11. Rc1 c5 12. dxc5 bxc5 13. Qe2 Re8 14. Rfe1 d4 15. Nd1 dxe3 16. Nxe3 Bd6 17. Ba6 Bxa6 18. Qxa6 Qb6 19. Qd3 1/2-1/2

[Event "4NCL Division Four"]
[Site "Warwick, ENG"]
[Date "2024.02.10"]
[Round "5.84"]
[White "Mouskos, Mia"]
[Black "Grey, Nicholas D"]
[Result "1-0"]
[WhiteElo "1433"]
[BlackElo "1693"]
[PlyCount "83"]
[EventDate "2024.02.10"]
[WhiteTeam "She Plays To Win Young Stars A"]
[BlackTeam "CSC/Kingston 3"]

1. e4 d6 2. d4 Nf6 3. Nc3 g6 4. Bf4 Bg7 5. e5 dxe5 6. dxe5 Qxd1+ 7. Rxd1 Nh5 8. Nd5 O-O 9. Nxe7+ Kh8 10. Bc1 Bxe5 11. Nxc8 Rxc8 12. Bc4 Nc6 13. Bxf7 Rd8 14. Rxd8+ Rxd8 15. Nf3 Bf4 16. O-O Bxc1 17. Rxc1 Nf4 18. Re1 Kg7 19. Bb3 Kf6 20. g3 Nd5 21. Kg2 a5 22. h4 b5 23. Ng5 Nce7 24. Nxh7+ Kg7 25. Ng5 Rd6 26. Ne6+ Kf6 27. Ng5 Rb6 28. Ne4+ Kg7 29. Nc5 Rc6 30. Ne6+ Kf6 31. Nd4 Rb6 32. Bxd5 Nxd5 33. a3 b4 34. axb4 axb4 35. Kh3 c5 36. Nf3 c4 37. Re5 Ne7 38. Rc5 Rc6 39. Rb5 c3 40. Rxb4 Nf5 41. bxc3 Rxc3 42. Ne1 1-0

[Event "4NCL Division Four"]
[Site "Warwick, ENG"]
[Date "2024.02.10"]
[Round "5.85"]
[White "Buanne, Fabio"]
[Black "Haria-Skuse, Ashwina"]
[Result "1/2-1/2"]
[WhiteElo "1622"]
[BlackElo "1454"]
[PlyCount "65"]
[EventDate "2024.02.10"]
[WhiteTeam "CSC/Kingston 3"]
[BlackTeam "She Plays To Win Young Stars A"]

1. e4 e6 2. d4 d5 3. e5 c5 4. c3 Nc6 5. Nf3 Bd7 6. Be2 Nge7 7. O-O Ng6 8. g3 Be7 9. h4 O-O 10. h5 Nh8 11. h6 f6 12. hxg7 Kxg7 13. Kg2 fxe5 14. dxe5 Nf7 15. Rh1 Rh8 16. Bf4 h6 17. Nbd2 Qb6 18. Qc2 Rac8 19. Nh4 Ncxe5 20. Bh5 Bxh4 21. Rxh4 d4 22. Rg4+ Kf8 23. Bxe5 Nxe5 24. Rf4+ Ke7 25. Nf3 Bc6 26. Kg1 Nxf3+ 27. Bxf3 Bxf3 28. Rxf3 Qc6 29. Qe2 Rhf8 30. Rd3 Rcd8 31. cxd4 cxd4 32. Rad1 Qb6 33. Rb3 1/2-1/2